Medical Surgical Nursing-I for GNM (Record no. 356800)
[ view plain ]
| 000 -LEADER | |
|---|---|
| fixed length control field | 00515nam a22001937a 4500 |
| 005 - DATE AND TIME OF LATEST TRANSACTION | |
| control field | 20231228141527.0 |
| 008 - FIXED-LENGTH DATA ELEMENTS--GENERAL INFORMATION | |
| fixed length control field | 231228b |||||||| |||| 00| 0 eng d |
| 020 ## - INTERNATIONAL STANDARD BOOK NUMBER | |
| International Standard Book Number | 978-93-7475-702-6 |
| 041 ## - LANGUAGE CODE | |
| Language code of text/sound track or separate title | eng |
| 082 ## - DEWEY DECIMAL CLASSIFICATION NUMBER | |
| Edition number | 1st |
| Classification number | MS/610.7377/SHS/B10672 |
| Item number | SHA |
| 100 ## - MAIN ENTRY--PERSONAL NAME | |
| Author | Sharma M P |
| 245 ## - TITLE STATEMENT | |
| Title | Medical Surgical Nursing-I for GNM |
| 250 ## - EDITION STATEMENT | |
| Edition statement | 1st |
| 260 ## - PUBLICATION, DISTRIBUTION, ETC. | |
| Place of publication, distribution, etc. | New Delhi |
| Name of publisher, distributor, etc. | AITBS Pub. |
| Date of publication, distribution, etc. | 2022 |
| 300 ## - PHYSICAL DESCRIPTION | |
| Extent | 490p |
| Other physical details | Pb |
| Dimensions | 26X18cm |
| 365 ## - TRADE PRICE | |
| Price type code | Rupaye |
| Price amount | 799.00 |
| Currency code | INR |
| 521 ## - TARGET AUDIENCE NOTE | |
| Target audience note | Medical Surgical<br/>Nursing |
| 942 ## - ADDED ENTRY ELEMENTS (KOHA) | |
| Koha item type | Books |
| Withdrawn status | Lost status | Source of classification or shelving scheme | Damaged status | Not for loan | Home library | Current library | Date acquired | Vendor | Net Price | Bill number | Total Checkouts | Total Renewals | Full call number | Barcode | Date due | Date last seen | Date last checked out | Discount | Actual Price | Bill Date | Koha item type | Original Barcode |
|---|---|---|---|---|---|---|---|---|---|---|---|---|---|---|---|---|---|---|---|---|---|---|
| Dewey Decimal Classification | Smt. Bakul Tambat Institute of Nursing Education | Smt. Bakul Tambat Institute of Nursing Education | 11/12/2023 | Varad Enterprises | 799.00 | 79 | 26 | 16 | MS610.7377 SHS B10672 | BTIN-BK-10672 | 01/06/2026 | 08/05/2026 | 08/05/2026 | 15% | 679.15 | 08/12/2023 | Books | BTIN-BK-10672 | ||||
| Dewey Decimal Classification | Smt. Bakul Tambat Institute of Nursing Education | Smt. Bakul Tambat Institute of Nursing Education | 11/12/2023 | Varad Enterprises | 799.00 | 79 | 23 | 19 | MS610.7377 SHS B10673 | BTIN-BK-10673 | 07/04/2026 | 27/03/2026 | 27/03/2026 | 15% | 679.15 | 08/12/2023 | Books | BTIN-BK-10673 |